Matematická formulácia vybraných zákonitostí technologičnosti konštrukcie z hľadiska obrábania. /

Gespeichert in:
Bibliographische Detailangaben
1. Verfasser: Herbanský, Ladislav (Verfasst von)
Format: Manuskript Buch
Veröffentlicht: Bratislava : SVŠT v Bratislave SjF, 1977
Schlagworte:
Tags: Tag hinzufügen
Keine Tags, Fügen Sie das erste Tag hinzu!

MARC

LEADER 00000ntm a22000003a 4500
001 stu47582
005 20150617225711.8
008 ------s1977----cs----------------------d
040 |a STU  |b slo 
041 0
044 |a cs 
080 |a 621.9.002.2 
100 1 |a Herbanský, Ladislav  |4 aut 
245 1 |a Matematická formulácia vybraných zákonitostí technologičnosti konštrukcie z hľadiska obrábania. /  |c [aut.] Herbanský,Ladislav 
260 |a Bratislava :  |b SVŠT v Bratislave SjF,  |c 1977 
300 |a 73 s 
650 7 |a technologickosť konštrukcií  |2 stusub 
996 |b 284J015468  |c J*55551  |l JJSK  |s A  |a 24  |w stu47582_0001